| 000 | 01442nam0a2200373 4500 | ||
|---|---|---|---|
| 001 | RU\NLR\BIBL_A\022730599 | ||
| 005 | 20260401154301.0 | ||
| 010 |
_a978-5-17-169022-9 _92000 |
||
| 021 |
_aRU _bКН-П-25-082176 _9КН-П-25-7957 |
||
| 035 | _a(NLR Aleph) 022730599 | ||
| 090 |
_a13650281 _c13650281 |
||
| 100 | _a20260218d2025 u y0rusy50 ca | ||
| 101 | 0 | _arus | |
| 102 | _aRU | ||
| 105 | _aa ez 000yy | ||
| 181 | 0 |
_ai _baxxe |
|
| 181 | 0 |
_ab2 _bbb2e |
|
| 182 | 0 | _an | |
| 200 | 1 |
_aРусская еда в историческом очерке, словаре и избранных рецептах _fОльга Дунаевская |
|
| 203 |
_aТекст _bвизуальный _cнепосредственный |
||
| 210 |
_aМосква _cАСТ _cОГИЗ _d2025 |
||
| 215 |
_a237 с. _cцв. ил. _d24 |
||
| 225 | 1 | _aРоссия. Культурный контекст | |
| 300 | _aНа обл. авт. не указан | ||
| 320 | _aБиблиогр.: с. 236-237 | ||
| 606 | 1 |
_aРусская кухня _92085292 _3RU\NLR\AUTH\661261407 |
|
| 606 | 1 |
_aПища _xКультурологические исследования _92694739 _3RU\NLR\AUTH\6601765483 |
|
| 686 | 1 | _aЛ997(2)Русская | |
| 686 | 1 | _aТ3(0)0-7 | |
| 700 | 1 |
_aДунаевская _bО. В. _gОльга Владимировна |
|
| 942 | _cBOOK | ||
| 980 | _aNB | ||